| 000 | 00572nam a22001697a 4500 | ||
|---|---|---|---|
| 999 |
_c17829 _d17829 |
||
| 003 | AR-CdUCM | ||
| 008 | 190509b ||||| |||| 00| 0 sp d | ||
| 040 |
_aMUNICIPALIDAD PROVINCIAL DEL CUSCO _cBIBLIOTECA MUNICIPAL DEL CUSCO |
||
| 082 |
_a108 / _bP68 |
||
| 100 |
_aPlotino _936133 |
||
| 245 | _aEneada primera / | ||
| 260 |
_aBuenos Aires : _bAguilar, _c1963. |
||
| 300 |
_a146 páginas ; _c16 cm. |
||
| 505 | _aTres aspectos de Plotino -- Las eneadas -- Sobre lo que sean los seres vivientes y el hombre -- Sobre las virtudes... | ||
| 942 |
_2ddc _cLIBROS |
||
| 945 | _awfj | ||